[Event "Titled Tuesday intern op 23rd Apr Late"]
[Site "Chess.com INT"]
[Date "2024.04.23"]
[Round "9"]
[White "Bruedigam, Martin"]
[Black "Barria Zuniga, Daniel"]
[Result "0-1"]
[WhiteElo "2372"]
[BlackElo "2341"]
[PlyCount "66"]
[EventDate "2024.04.23"]
[EventType "swiss (blitz)"]
[EventRounds "11"]
[EventCountry "USA"]
[SourceTitle "CB18_2024"]
[SourceDate "2024.05.01"]
[SourceVersion "1"]
[SourceVersionDate "2024.05.01"]
[SourceQuality "2"]

1. e4 Nf6 2. e5 Nd5 3. d4 d6 4. c4 Nb6 5. f4 dxe5 6. fxe5 Bf5 7. Nc3 e6 8. Nf3 Bb4 9. Be2 c5 10. Be3 Nc6 11. 0-0 0-0 12. d5 Na5 13. Na4 Nbxc4 14. Bf2 b5 15. a3 bxa4 16. axb4 cxb4 17. Qxa4 exd5 18. Qxb4 Rb8 19. Qc5 Nb3 20. Qxa7 Nxa1 21. Rxa1 Rxb2 22. Bf1 Nd2 23. Nxd2 Rxd2 24. Bc5 Re8 25. Bb5 Rxe5 26. Bb4 Rde2 27. Bxe2 Rxe2 28. Qb7 Re8 29. Ra7 Bg6 30. Be7 Qc8 31. Qxd5 Qc1+ 32. Kf2 Qf4+ 33. Kg1 Qe3+ 0-1

[Event "Titled Tuesday intern op 23rd Apr Late"]
[Site "Chess.com INT"]
[Date "2024.04.23"]
[Round "4"]
[White "Duda, Jan Krzysztof"]
[Black "Barria Zuniga, Daniel"]
[Result "1-0"]
[WhiteElo "2731"]
[BlackElo "2341"]
[PlyCount "71"]
[EventDate "2024.04.23"]
[EventType "swiss (blitz)"]
[EventRounds "11"]
[EventCountry "USA"]
[SourceTitle "CB18_2024"]
[SourceDate "2024.05.01"]
[SourceVersion "1"]
[SourceVersionDate "2024.05.01"]
[SourceQuality "2"]

1. e4 Nf6 2. e5 Nd5 3. d4 d6 4. c4 Nb6 5. f4 dxe5 6. fxe5 Bf5 7. Nc3 e6 8. Be3 Bb4 9. Nf3 c5 10. Be2 Nc6 11. 0-0 0-0 12. d5 Na5 13. Nd2 Bxc3 14. bxc3 Qc7 15. d6 Qc6 16. g4 Bg6 17. h4 h6 18. h5 Bh7 19. Bf3 Qc8 20. Qe2 Nd7 21. g5 hxg5 22. Bxg5 Nc6 23. Bxc6 Qxc6 24. h6 gxh6 25. Bxh6 Kh8 26. Bxf8 Rxf8 27. Rf3 Rg8+ 28. Kf2 Rg5 29. Rg1 Rxg1 30. Kxg1 Bg6 31. Qh2+ Kg7 32. Qf4 Qa4 33. Rh3 Qd1+ 34. Kf2 Kf8 35. Rh8+ Kg7 36. Qh6# 1-0

[Event "Titled Tuesday intern op 16th Apr Early"]
[Site "Chess.com INT"]
[Date "2024.04.16"]
[Round "9"]
[White "Barria Zuniga, Daniel"]
[Black "Dobre, Claudiu Cristian"]
[Result "1/2-1/2"]
[WhiteElo "2341"]
[BlackElo "2259"]
[PlyCount "57"]
[EventDate "2024.04.16"]
[EventType "swiss (blitz)"]
[EventRounds "11"]
[EventCountry "USA"]
[SourceTitle "CB17_2024"]
[SourceDate "2024.04.24"]
[SourceVersion "1"]
[SourceVersionDate "2024.04.24"]
[SourceQuality "1"]

1. d4 d5 2. c4 c6 3. Nf3 Nf6 4. Qb3 g6 5. cxd5 Qxd5 6. Nc3 Qxb3 7. axb3 Bf5 8. Bf4 Bg7 9. Bxb8 Rxb8 10. Rxa7 0-0 11. e3 Nd7 12. Kd2 e5 13. Bd3 exd4 14. exd4 Bg4 15. Ne2 Rfd8 16. h3 Bxf3 17. gxf3 c5 18. Rc1 cxd4 19. Rc7 Ne5 20. Raxb7 Rxb7 21. Rxb7 Nxf3+ 22. Kd1 Be5 23. b4 Ra8 24. b5 Ra1+ 25. Kc2 Ne1+ 26. Kd2 Nf3+ 27. Kc2 Ne1+ 28. Kd2 Nf3+ 29. Kc2 1/2-1/2

[Event "Titled Tuesday intern op 16th Apr Late"]
[Site "Chess.com INT"]
[Date "2024.04.16"]
[Round "7"]
[White "Barria Zuniga, Daniel"]
[Black "Lehtosaari, Mauri"]
[Result "1-0"]
[WhiteElo "2341"]
[BlackElo "2149"]
[PlyCount "61"]
[EventDate "2024.04.16"]
[EventType "swiss (blitz)"]
[EventRounds "11"]
[EventCountry "USA"]
[SourceTitle "CB17_2024"]
[SourceDate "2024.04.24"]
[SourceVersion "1"]
[SourceVersionDate "2024.04.24"]
[SourceQuality "1"]

1. d4 d5 2. c4 c6 3. Nf3 Nf6 4. Nc3 dxc4 5. a4 Bf5 6. e3 e6 7. Bxc4 Bb4 8. 0-0 0-0 9. Nh4 Bg6 10. Nxg6 hxg6 11. Qc2 Nbd7 12. Ba2 c5 13. Rd1 Qa5 14. d5 e5 15. d6 Kh7 16. Ne4 Nxe4 17. Qxe4 Qd8 18. Qxb7 a5 19. Qf3 Rc8 20. Bxf7 Qh4 21. g3 Qh3 22. Qd5 Rxf7 23. Qxf7 Nf6 24. d7 Rd8 25. e4 Ng4 26. Qf3 Qxh2+ 27. Kf1 Rf8 28. Qxf8 Qh1+ 29. Ke2 Qxe4+ 30. Be3 Qc4+ 31. Kf3 1-0

[Event "Titled Tuesday intern op 16th Apr Late"]
[Site "Chess.com INT"]
[Date "2024.04.16"]
[Round "2"]
[White "Firouzja, Alireza"]
[Black "Barria Zuniga, Daniel"]
[Result "1-0"]
[WhiteElo "2760"]
[BlackElo "2341"]
[PlyCount "85"]
[EventDate "2024.04.16"]
[EventType "swiss (blitz)"]
[EventRounds "11"]
[EventCountry "USA"]
[SourceTitle "CB17_2024"]
[SourceDate "2024.04.24"]
[SourceVersion "1"]
[SourceVersionDate "2024.04.24"]
[SourceQuality "1"]

1. e4 Nf6 2. e5 Nd5 3. d4 d6 4. Nf3 Bg4 5. h3 Bxf3 6. Qxf3 dxe5 7. dxe5 Nc6 8. Qe4 e6 9. Bc4 Nb6 10. Bb5 Qd5 11. Nc3 Qxe4+ 12. Nxe4 0-0-0 13. Bxc6 bxc6 14. Ke2 Be7 15. Be3 Nc4 16. Bxa7 Nxe5 17. a4 f5 18. Nc5 Bxc5 19. Bxc5 Rd5 20. b4 Rhd8 21. Rhd1 Nc4 22. a5 Rxd1 23. Rxd1 Rxd1 24. Kxd1 Kb7 25. Ke2 Ka6 26. Kd3 Kb5 27. a6 Nb2+ 28. Kd4 Kxa6 29. Ke5 Na4 30. Bf8 Nc3 31. Bxg7 Nd1 32. Kxe6 Nxf2 33. Kxf5 Kb5 34. c3 c5 35. bxc5 Nd3 36. Bd4 Nxc5 37. g4 Nd7 38. g5 c5 39. Bf6 Kc4 40. h4 Kd5 41. h5 Nf8 42. g6 hxg6+ 43. hxg6 1-0

[Event "Titled Tuesday intern op 02nd Apr Early"]
[Site "Chess.com INT"]
[Date "2024.04.02"]
[Round "9"]
[White "Barria Zuniga, Daniel"]
[Black "Sai Agni, Jeevitesh J"]
[Result "0-1"]
[WhiteElo "2341"]
[BlackElo "2274"]
[PlyCount "132"]
[EventDate "2024.04.02"]
[EventType "swiss (blitz)"]
[EventRounds "11"]
[EventCountry "USA"]
[SourceTitle "CB15_2024"]
[SourceDate "2024.04.10"]
[SourceVersion "1"]
[SourceVersionDate "2024.04.10"]
[SourceQuality "1"]

1. d4 d5 2. c4 c6 3. Nf3 Nf6 4. Nc3 e6 5. Bg5 Nbd7 6. e3 Be7 7. Qc2 h6 8. Bh4 0-0 9. 0-0-0 dxc4 10. Bxc4 b5 11. Bd3 Qa5 12. Kb1 Ba6 13. Ne4 Nd5 14. Bxe7 Nxe7 15. Nc5 Rfd8 16. Rc1 Rac8 17. Nxd7 Rxd7 18. Ne5 Rdc7 19. Qc5 Nd5 20. Be4 Bb7 21. Nd3 Nb6 22. Qb4 Qxb4 23. Nxb4 Nc4 24. Rc2 c5 25. Bxb7 Rxb7 26. dxc5 Rxc5 27. Rd1 Rc8 28. a3 Rbc7 29. Ka2 a5 30. Nd3 Nb6 31. Rxc7 Rxc7 32. Rc1 Rd7 33. Ne5 Rd5 34. Nf3 f6 35. Kb1 Nc4 36. Rc2 Rd1+ 37. Ka2 a4 38. Nd4 Na5 39. b4 axb3+ 40. Nxb3 Nxb3 41. Kxb3 Kf7 42. Kb4 Rb1+ 43. Kc5 Kg6 44. f3 e5 45. e4 Rb3 46. Ra2 h5 47. Kb6 Kg5 48. h3 h4 49. Ka5 Kf4 50. a4 bxa4 51. Kxa4 Re3 52. Kb5 Kg3 53. Kc5 Rd3 54. Kc4 Rd4+ 55. Kc5 Rd1 56. Ra7 g5 57. Rf7 Kxg2 58. Rxf6 Kxh3 59. Rf5 g4 60. fxg4 Kxg4 61. Rxe5 h3 62. Re8 h2 63. Rg8+ Kf4 64. Rh8 h1Q 65. Rxh1 Rxh1 66. e5 Kxe5 0-1

[Event "Titled Tuesday intern op 02nd Apr Late"]
[Site "Chess.com INT"]
[Date "2024.04.02"]
[Round "10"]
[White "Barria Zuniga, Daniel"]
[Black "Tristan, Leonardo"]
[Result "0-1"]
[WhiteElo "2341"]
[BlackElo "2522"]
[PlyCount "46"]
[EventDate "2024.04.02"]
[EventType "swiss (blitz)"]
[EventRounds "11"]
[EventCountry "USA"]
[SourceTitle "CB15_2024"]
[SourceDate "2024.04.10"]
[SourceVersion "1"]
[SourceVersionDate "2024.04.10"]
[SourceQuality "1"]

1. d4 d5 2. c4 e6 3. Nf3 Nf6 4. Nc3 a6 5. e3 b6 6. Bd2 Bb7 7. Rc1 Nbd7 8. Be2 dxc4 9. Bxc4 Bd6 10. a4 0-0 11. 0-0 Qe7 12. Qe2 e5 13. Rfd1 Rfe8 14. Be1 h6 15. h3 exd4 16. Nxd4 Qe5 17. f4 Qxe3+ 18. Qxe3 Rxe3 19. Nf5 Bxf4 20. Bd2 Re5 21. Bxf4 Rxf5 22. Bxc7 Rc5 23. Ne2 Rc8 0-1

[Event "Titled Tuesday intern op 02nd Apr Late"]
[Site "Chess.com INT"]
[Date "2024.04.02"]
[Round "4"]
[White "Estrada Nieto, Julian"]
[Black "Barria Zuniga, Daniel"]
[Result "0-1"]
[WhiteElo "2195"]
[BlackElo "2341"]
[PlyCount "74"]
[EventDate "2024.04.02"]
[EventType "swiss (blitz)"]
[EventRounds "11"]
[EventCountry "USA"]
[SourceTitle "CB15_2024"]
[SourceDate "2024.04.10"]
[SourceVersion "1"]
[SourceVersionDate "2024.04.10"]
[SourceQuality "1"]

1. e4 c5 2. Nf3 e6 3. c3 d5 4. exd5 Qxd5 5. d4 Nf6 6. Na3 Bd7 7. Bc4 Qd6 8. 0-0 a6 9. g3 b5 10. Bf4 Qb6 11. Be2 Nc6 12. Nc2 Nd5 13. Bc1 Rd8 14. Ne3 Nf6 15. a4 Be7 16. axb5 axb5 17. d5 exd5 18. Nxd5 Nxd5 19. Qxd5 Bh3 20. Qh5 Bxf1 21. Kxf1 0-0 22. Be3 g6 23. Qh6 Rfe8 24. Ng5 Bxg5 25. Bxg5 Rd6 26. Bf3 Ne5 27. Re1 c4 28. Kg2 Rde6 29. Bd5 Ng4 30. Rxe6 fxe6 31. Qh4 Qxf2+ 32. Kh3 Qxh2+ 33. Kxg4 Qxh4+ 34. gxh4 exd5 35. Bf6 Re2 36. Bd4 Rxb2 37. Kf4 Re2 0-1

[Event "Titled Tuesday intern op 02nd Apr Early"]
[Site "Chess.com INT"]
[Date "2024.04.02"]
[Round "1"]
[White "Hubbard, Andrew"]
[Black "Barria Zuniga, Daniel"]
[Result "0-1"]
[WhiteElo "2109"]
[BlackElo "2341"]
[PlyCount "74"]
[EventDate "2024.04.02"]
[EventType "swiss (blitz)"]
[EventRounds "11"]
[EventCountry "USA"]
[SourceTitle "CB15_2024"]
[SourceDate "2024.04.10"]
[SourceVersion "1"]
[SourceVersionDate "2024.04.10"]
[SourceQuality "1"]

1. d4 g6 2. e4 Bg7 3. Nc3 c6 4. Be3 Qb6 5. Rb1 d6 6. Bc4 Nf6 7. Nge2 0-0 8. f3 d5 9. Bb3 dxe4 10. fxe4 Rd8 11. Qc1 Ng4 12. 0-0 e6 13. Bg5 Rxd4 14. Nxd4 Qxd4+ 15. Kh1 Nf2+ 16. Rxf2 Qxf2 17. Be3 Qh4 18. Qd2 Nd7 19. Bg5 Qh5 20. Rf1 h6 21. Be7 a5 22. Ne2 a4 23. Bc4 b5 24. Ng3 Qe5 25. Bd3 Qxb2 26. Qf2 Ne5 27. Bd6 f5 28. Qb6 Nf7 29. exf5 exf5 30. Qxc6 Nxd6 31. Qxa8 Kh7 32. Qd5 Qd4 33. Qc6 Be6 34. h4 Qxh4+ 35. Kg1 Bd4+ 36. Rf2 Qxg3 37. Qc7+ Bf7 0-1

[Event "Titled Tuesday intern op 12th Mar Late"]
[Site "Chess.com INT"]
[Date "2024.03.12"]
[Round "7"]
[White "Barria Zuniga, Daniel"]
[Black "Reprintsev, Alexander"]
[Result "0-1"]
[WhiteElo "2341"]
[BlackElo "2241"]
[PlyCount "98"]
[EventDate "2024.03.12"]
[EventType "swiss (blitz)"]
[EventRounds "11"]
[EventCountry "USA"]
[SourceTitle "CB12_2024"]
[SourceDate "2023.10.01"]
[SourceVersion "1"]
[SourceVersionDate "2023.10.01"]
[SourceQuality "1"]

1. d4 d5 2. c4 e5 3. dxe5 d4 4. Nf3 Nc6 5. g3 Nge7 6. Bg2 Ng6 7. 0-0 Ngxe5 8. Nxe5 Nxe5 9. Na3 c6 10. Nc2 Nxc4 11. Qxd4 Be6 12. Rd1 Qb6 13. b3 Nd6 14. Bf4 Nb5 15. Qe5 Qc5 16. Nd4 Nxd4 17. Rxd4 Qxe5 18. Bxe5 f6 19. Bd6 0-0-0 20. Rad1 Bxd6 21. Rxd6 Kc7 22. Rxd8 Rxd8 23. Rxd8 Kxd8 24. f4 Kc7 25. Kf2 a5 26. Ke3 c5 27. Kd3 b5 28. e4 c4+ 29. Kc2 Kd6 30. bxc4 Bxc4 31. a3 Kc5 32. Bf3 Kd4 33. Kd2 Bd3 34. e5 fxe5 35. fxe5 Bc4 36. h4 Kxe5 37. Kc3 Bd5 38. Be2 Bc6 39. Bd3 h6 40. g4 Kf4 41. g5 hxg5 42. hxg5 Kxg5 43. Kd4 Be8 44. Kc5 Kf4 45. Kb6 a4 46. Bxb5 Bxb5 47. Kxb5 g5 48. Kxa4 g4 49. Kb5 g3 0-1

[Event "Titled Tuesday intern op 12th Mar Early"]
[Site "Chess.com INT"]
[Date "2024.03.12"]
[Round "3"]
[White "Barria Zuniga, Daniel"]
[Black "Ventura Bolet, Maxim"]
[Result "1-0"]
[WhiteElo "2341"]
[BlackElo "2247"]
[PlyCount "69"]
[EventDate "2024.03.12"]
[EventType "swiss (blitz)"]
[EventRounds "11"]
[EventCountry "USA"]
[SourceTitle "CB12_2024"]
[SourceDate "2023.10.01"]
[SourceVersion "1"]
[SourceVersionDate "2023.10.01"]
[SourceQuality "1"]

1. d4 Nf6 2. c4 d6 3. Nf3 g6 4. Nc3 Nbd7 5. e4 e5 6. Be2 Bg7 7. 0-0 0-0 8. Be3 Re8 9. d5 Nh5 10. g3 Bf8 11. Nd2 Ng7 12. b4 Be7 13. c5 f5 14. Nc4 Nf6 15. f3 fxe4 16. fxe4 Bh3 17. Rf2 b6 18. a4 Qc8 19. Rc1 Ng4 20. Bxg4 Bxg4 21. Qd3 Qd8 22. a5 bxc5 23. bxc5 Bg5 24. cxd6 cxd6 25. Nb5 Be7 26. Nxa7 Rf8 27. Nc6 Qd7 28. Nb6 Qe8 29. Nxa8 Rxf2 30. Nc7 Rg2+ 31. Kxg2 Bh3+ 32. Kxh3 Qd7+ 33. Kg2 Qxc7 34. Nxe7+ Qxe7 35. a6 1-0

[Event "Titled Tuesday intern op 12th Mar Early"]
[Site "Chess.com INT"]
[Date "2024.03.12"]
[Round "2"]
[White "Duda, Jan Krzysztof"]
[Black "Barria Zuniga, Daniel"]
[Result "1-0"]
[WhiteElo "2731"]
[BlackElo "2341"]
[PlyCount "35"]
[EventDate "2024.03.12"]
[EventType "swiss (blitz)"]
[EventRounds "11"]
[EventCountry "USA"]
[SourceTitle "CB12_2024"]
[SourceDate "2023.10.01"]
[SourceVersion "1"]
[SourceVersionDate "2023.10.01"]
[SourceQuality "1"]

1. c4 Nf6 2. g3 e6 3. Bg2 d5 4. Nf3 Be7 5. 0-0 0-0 6. b3 b6 7. Bb2 Bb7 8. e3 Qc8 9. Qe2 dxc4 10. bxc4 c5 11. Nc3 Rd8 12. Rfd1 Nc6 13. Rac1 Na5 14. d3 Ne8 15. Ne4 Nd6 16. Nxd6 Bxd6 17. Ng5 Bxg2 18. Qh5 1-0

[Event "Titled Tuesday intern op 12th Mar Early"]
[Site "Chess.com INT"]
[Date "2024.03.12"]
[Round "4"]
[White "Movahed, Sina"]
[Black "Barria Zuniga, Daniel"]
[Result "0-1"]
[WhiteElo "2463"]
[BlackElo "2341"]
[PlyCount "90"]
[EventDate "2024.03.12"]
[EventType "swiss (blitz)"]
[EventRounds "11"]
[EventCountry "USA"]
[SourceTitle "CB12_2024"]
[SourceDate "2023.10.01"]
[SourceVersion "1"]
[SourceVersionDate "2023.10.01"]
[SourceQuality "1"]

1. e4 e6 2. d4 d5 3. e5 c5 4. c3 Nc6 5. Nf3 Bd7 6. Bd3 Rc8 7. 0-0 cxd4 8. cxd4 Nb4 9. Nc3 Nxd3 10. Qxd3 Ne7 11. h4 h6 12. h5 Nc6 13. Bf4 Be7 14. Qd2 Na5 15. b3 Bb4 16. Rac1 a6 17. Rc2 Rc6 18. Rfc1 Ba3 19. Rd1 Bb4 20. Qd3 Qc7 21. Rdc1 Ba3 22. Rd1 Bb4 23. Bd2 0-0 24. Rdc1 Ba3 25. Rb1 Bb4 26. Ne1 Rc8 27. Nxd5 exd5 28. Bxb4 Rxc2 29. Nxc2 Qxc2 30. Qxc2 Rxc2 31. Bxa5 Rxa2 32. Bb4 Bg4 33. Rc1 Rb2 34. Rc3 Bxh5 35. Bd6 Bd1 36. b4 b6 37. Rc8+ Kh7 38. f3 a5 39. bxa5 bxa5 40. Rc7 Kg6 41. e6 fxe6 42. Be5 a4 43. Rxg7+ Kh5 44. Bf6 Bxf3 45. gxf3 a3 0-1

[Event "Titled Tuesday intern op 12th Mar Late"]
[Site "Chess.com INT"]
[Date "2024.03.12"]
[Round "6"]
[White "Shubenkova, Veronika"]
[Black "Barria Zuniga, Daniel"]
[Result "1-0"]
[WhiteElo "2007"]
[BlackElo "2341"]
[PlyCount "71"]
[EventDate "2024.03.12"]
[EventType "swiss (blitz)"]
[EventRounds "11"]
[EventCountry "USA"]
[SourceTitle "CB12_2024"]
[SourceDate "2023.10.01"]
[SourceVersion "1"]
[SourceVersionDate "2023.10.01"]
[SourceQuality "1"]

1. e4 e6 2. d4 d5 3. exd5 Qxd5 4. Nf3 c5 5. c4 Qd6 6. d5 Nf6 7. Nc3 a6 8. g3 exd5 9. cxd5 b5 10. Bf4 Qb6 11. Qe2+ Kd8 12. Ne5 Ra7 13. d6 Bxd6 14. 0-0-0 Re8 15. Qd2 Re6 16. Bh3 Ke7 17. Bxe6 Bxe6 18. Qxd6+ Qxd6 19. Rxd6 Kxd6 20. Ng4+ Ke7 21. Nxf6 Nc6 22. Nfd5+ Kf8 23. Bd6+ Kg8 24. Bxc5 Rd7 25. Rd1 h6 26. Nf4 Rxd1+ 27. Kxd1 Bg4+ 28. Kc2 Ne5 29. h4 Bf5+ 30. Kd1 g5 31. hxg5 hxg5 32. Nfd5 Kh7 33. Bd4 Nf3 34. Be3 Be6 35. Nc7 Bc4 36. Nxa6 1-0

[Event "Titled Tuesday intern op 27th Feb Late"]
[Site "Chess.com INT"]
[Date "2024.02.27"]
[Round "9"]
[White "Ventura Bolet, Maxim"]
[Black "Barria Zuniga, Daniel"]
[Result "1-0"]
[WhiteElo "2231"]
[BlackElo "2341"]
[PlyCount "87"]
[EventDate "2024.02.27"]
[EventType "swiss (blitz)"]
[EventRounds "11"]
[EventCountry "USA"]
[SourceTitle "CB10_2024"]
[SourceDate "2024.03.06"]
[SourceVersion "1"]
[SourceVersionDate "2024.03.06"]
[SourceQuality "1"]

1. e4 g6 2. d4 Bg7 3. Nf3 c5 4. d5 d6 5. Be2 Nf6 6. Nc3 0-0 7. 0-0 Na6 8. Re1 Nc7 9. h3 a6 10. a4 Rb8 11. a5 b5 12. axb6 Rxb6 13. Nd2 Bd7 14. Nc4 Rb8 15. Bf4 Bb5 16. e5 Bxc4 17. Bxc4 Nh5 18. Bh2 Bxe5 19. Bxe5 dxe5 20. Rxe5 Rxb2 21. Rxh5 gxh5 22. Qxh5 Qd6 23. Bd3 h6 24. Ra4 Rb4 25. Rxb4 cxb4 26. Ne4 Qf4 27. g3 Qc1+ 28. Kg2 Rd8 29. Qg4+ Kf8 30. d6 Rxd6 31. Nxd6 exd6 32. Qc8+ Ne8 33. Bxa6 Qg5 34. Bb7 Qc5 35. Bc6 Qxc2 36. Qxe8+ Kg7 37. Bd5 Qf5 38. Qb5 Qe5 39. Qb7 Qf5 40. Be4 Qe6 41. Qxb4 d5 42. Qc3+ Kg8 43. Bf3 Qd6 44. Qd4 1-0

[Event "Titled Tuesday intern op 13th Feb Late"]
[Site "Chess.com INT"]
[Date "2024.02.13"]
[Round "10"]
[White "Barria Zuniga, Daniel"]
[Black "Lehtosaari, Mauri"]
[Result "1/2-1/2"]
[WhiteElo "2341"]
[BlackElo "2142"]
[PlyCount "71"]
[EventDate "2024.02.13"]
[EventType "swiss (blitz)"]
[EventRounds "11"]
[EventCountry "USA"]
[SourceTitle "CB08_2024"]
[SourceDate "2024.02.21"]
[SourceVersion "1"]
[SourceVersionDate "2024.02.21"]
[SourceQuality "1"]

1. d4 d5 2. c4 c6 3. Nf3 Nf6 4. Nc3 dxc4 5. e3 b5 6. a4 b4 7. Na2 e6 8. Bxc4 Bb7 9. 0-0 Nbd7 10. Qe2 a5 11. Rd1 Be7 12. e4 0-0 13. Bg5 h6 14. Bh4 Nh5 15. Bxe7 Qxe7 16. Nc1 Nb6 17. Nb3 Nf4 18. Qc2 Nxc4 19. Qxc4 Ba6 20. Qc5 Qf6 21. Qe5 Be2 22. Rd2 Bxf3 23. Qxf6 gxf6 24. gxf3 Rfd8 25. Rc1 Rd6 26. Kf1 e5 27. Rcd1 Kf8 28. dxe5 Rxd2 29. Rxd2 fxe5 30. Rd6 Ke7 31. Rxc6 Rd8 32. Ke1 Nd3+ 33. Ke2 Nf4+ 34. Ke1 Nd3+ 35. Ke2 Nf4+ 36. Ke1 1/2-1/2